| 000 | 01363nam a22001937a 4500 | ||
|---|---|---|---|
| 005 | 20240321150348.0 | ||
| 010 | _aB-758121-127 | ||
| 020 |
_a9789354601842 _c690.00 |
||
| 035 | _aB-758121-127 | ||
| 037 | _bप्रगति पब्लिकेशन | ||
| 082 | _a759 | ||
| 100 |
_aसिंघानिया, नितिन _963795 |
||
| 245 |
_aभारतीय कला एवं संस्कृति : _bसिविल सेवा एवं अन्य प्रतियोगी परीक्षाओ के लिये / _cनितिन सिंघानिया |
||
| 260 |
_aचेन्नई _bमैकग्राव हिल प्राइवेट लिमिटेड _c2022 |
||
| 270 |
_aअंजना कॉम्प्लेक्स नं. 5/90 ए, बट रोड, एसटी. थॉमस माउंट _bचेन्नई _e600016 |
||
| 300 |
_aवि. पृ. _c24 सेमी (अजिल्द) _bएक चार्ट सम्मिलित |
||
| 942 |
_cHN _2ddc _h759 _mसिंघानि |
||
| 999 |
_c200188 _d200188 |
||